000 00776nam a2200265Ia 4500
003 GCL
008 140319s9999 xx 000 0 ara d
040 _aGCL /
_cGCL
082 0 4 _aق
_b953.08
_bا ب
100 1 _aابراهيم حسن سعيد
245 1 0 _aالبحرية فى عصر سلاطين المماليك /
_cابراهيم حسن سعيد
260 _a[S.N] :
_bدار المعارف ،
_c1983
300 _a328 ص
490 _a
650 0 4 _aمصر
650 0 4 _aتاريخ
650 0 4 _aالتجارة
650 0 4 _aالنيل
650 0 4 _aالاسطول
650 0 4 _aالصناعة
650 0 4 _aالبحر الابيض المتوسط
650 0 4 _aالبحر الاحمر
650 0 4 _aالبحرية التجارية
942 _2ddc
_cBK
999 _c52973
_d52973